| 000 | 00883nam a22002297a 4500 | ||
|---|---|---|---|
| 003 | BD-DhJNU | ||
| 005 | 20260427043607.0 | ||
| 008 | 260427b |||||||| |||| 00| 0 eng d | ||
| 020 | _a9848164124 | ||
| 040 |
_aBD-DhJNU _bENG _cBD-DhJNU _dBD-DhJNU |
||
| 082 |
_223 _a414 HAP |
||
| 100 | _aহাই, মুহম্মদ আবদুল | ||
| 242 |
_aPhonetics and bengali phonology _cMuhammad Abdul Hai |
||
| 245 |
_aধ্বনিবিজ্ঞান ও বাংলা ধ্বনিতত্ত্ব / _cমুহম্মদ আবদুল হাই |
||
| 246 | _aDhwanibigyan o bangla dhwanitattwa | ||
| 250 | _a2nd ed | ||
| 260 |
_aঢাকা : _bমল্লিক, _c2023. |
||
| 300 |
_a[২০] ৩৩৬ পৃ. : _bচিত্র ; _c২৪ সেমি.। |
||
| 650 | _aধ্বনিতত্ত্ব | ||
| 650 | _a Phonetics | ||
| 942 |
_2ddc _cBK _n0 |
||
| 999 |
_c2739 _d2739 |
||